000 00957nam a22002417a 4500
005 20240530110631.0
008 170122s2014 ua g b 000 0 ara d
017 _a2014/10362
_bمصر. دار الكتب
020 _a9789774384559
040 _aEG-CaGPL
_cEG-CaGPL
082 0 4 _221
_a327.101\
_bو ن
100 0 _aوعدالله حسين ياسين الحمدانى .
245 1 0 _aنهر النيل و تاثيرة على الامن القومى العربى /
_cوعدالله حسين ياسين الحمدانى .
250 _aط.1
260 _aالقاهرة :
_bالمكتب الجامعى الحديث ،
_c2014 .
300 _a275 ص. ؛
_c24 سم.
504 _aببليوجرافية : ص 250 - 264
650 0 7 _2qrmak
_aنهر النيل .
650 0 7 _2qrmak
_aاتفاقيات حوض النيل .
650 0 7 _2qrmak
_aالامن القومى العربى .
942 _2ddc
_cBK
999 _c63260
_d63260